Bayesian Data Analysis (Record no. 10840)

MARC details
000 -LEADER
fixed length control field 00524nam a22002297a 4500
003 - CONTROL NUMBER IDENTIFIER
control field OSt
008 - FIXED-LENGTH DATA ELEMENTS--GENERAL INFORMATION
fixed length control field 210814b ||||| |||| 00| 0 eng d
020 ## - INTERNATIONAL STANDARD BOOK NUMBER
International Standard Book Number 9781138627390
082 ## - DEWEY DECIMAL CLASSIFICATION NUMBER
Classification number 519.542 GAB
100 ## - MAIN ENTRY--PERSONAL NAME
Personal name GELMAN,Andrew
245 ## - TITLE STATEMENT
Title Bayesian Data Analysis
250 ## - EDITION STATEMENT
Edition statement 3rd
260 ## - PUBLICATION, DISTRIBUTION, ETC. (IMPRINT)
Place of publication, distribution, etc New York
Name of publisher, distributor, etc CRC Press
300 ## - PHYSICAL DESCRIPTION
Extent 667
650 ## - SUBJECT ADDED ENTRY--TOPICAL TERM
Topical term or geographic name as entry element AIDS
700 ## - ADDED ENTRY--PERSONAL NAME
Personal name CARLIN,John B
700 ## - ADDED ENTRY--PERSONAL NAME
Personal name STERN,Hal S
700 ## - ADDED ENTRY--PERSONAL NAME
Personal name DUNSON,David B
700 ## - ADDED ENTRY--PERSONAL NAME
Personal name VEHTARI,Aki
700 ## - ADDED ENTRY--PERSONAL NAME
Personal name RUBIN,Donald B
942 ## - ADDED ENTRY ELEMENTS (KOHA)
Source of classification or shelving scheme Dewey Decimal Classification
Koha item type Text Books
942 ## - ADDED ENTRY ELEMENTS (KOHA)
-- 2
Holdings
Withdrawn status Lost status Source of classification or shelving scheme Damaged status Not for loan Collection code Home library Current library Date acquired Source of acquisition Currency Cost, normal purchase price Bill Number Total Checkouts Full call number Acc. no. / Barcode Checked out Date last seen Date last borrowed Actual Cost, discounted price Bill Date Koha item type
    Dewey Decimal Classification     Computer Science and Engineering in AI & Data Science PIET C-LIBRARY PIET C-LIBRARY 12/07/2021 Kirti Praskshan IN Rupees 3995.00 INT/212210159 1 519.542 GAB 33136 22/01/2024 26/07/2023 26/07/2023 3595.50 12/07/2021 Text Books
    Dewey Decimal Classification     Computer Science and Engineering in AI & Data Science PIET C-LIBRARY PIET C-LIBRARY 12/07/2021 Kirti Praskshan IN Rupees 3995.00 INT/212210159 4 519.542 GAB 33137   09/06/2025 04/06/2025 3595.50 12/07/2021 Text Books

Design & Developed by: PIET Central Library
R70 Miles Stone Pattikalyana Samalkha Panipat 132102
mail ID :- [email protected], Phone No:- 0180-2569700 Ex.216